| 000 | 01216nam a2200301Ia 4500 | ||
|---|---|---|---|
| 003 | OSt | ||
| 005 | 20220923225411.0 | ||
| 006 | a|||||r|||| 00| 0 | ||
| 007 | ta | ||
| 008 | 220922b |||||||| |||| 00| 0 san d | ||
| 020 | _c300 | ||
| 024 | _a266,055 | ||
| 037 |
_b79, 11/07/2012, Eastern Book Linkers _cTextual |
||
| 040 |
_aARTS _cARTS _bsan |
||
| 041 |
_2san _asan |
||
| 082 | _aP15,Cx1,1,5, Q1 | ||
| 100 |
_aदीक्षित, भट्टोजि; सत्यनारायणमूर्ति _9168625 |
||
| 110 |
_aZ _9168626 |
||
| 245 | 0 | _aशब्द कौस्तुभः | |
| 246 | _aShabda kaustubhah | ||
| 260 |
_aतिरूपति _b राष्ट्रीय संस्कृत विद्यापीठ _c2011 |
||
| 300 |
_a359पृ. _ccm. |
||
| 490 | _aराष्ट्रीय संस्कृत विद्याापीठ ग्रन्थमाला; 245 | ||
| 650 | _aहिन्दी भाषा | ||
| 700 |
_aZ _9168627 |
||
| 942 |
_hP15,Cx1,1,5, Q1 _cTEXL _2CC |
||
| 999 |
_c377984 _d377984 |
||